000 00295 a2200133 4500
001 194766
040 _cMagnum
100 _aNascimento, Devison Amorim do
240 1 0 _aEu que vi, eu que vi
_lpor
245 1 0 _aEu que vi, eu que vi
300 _a21
697 _aLITERATURA GERAL
942 _cBK
999 _c194766
_d194766